Statystyki dla Takovo

Kliknij tutaj aby rozwiązać quiz!

Ogólne statystyki

  • Ten quiz został rozwiązany 15 razy
  • Średni wynik to 5 z 13

Statystyki odpowiedzi

ROK MIASTO DOCELOWE % poprawnych
2007Gdynia
75%
2008Zakopane
67%
2015Torzym/Wrocław
67%
2013Kołobrzeg
50%
2017Świnoujście
50%
2006Częstochowa
42%
2016Szklarska Poręba
25%
2009Mechelinki
17%
2010Licheń
17%
2012Stare Sady
17%
2014Wisła
17%
2018Karlovy Vary/Brody
17%
2011Ratno Dolne
8%

Rozkład punktacji

Percentyl według liczby udzielonych odpowiedzi

Procent ludzi z każdym wynikiem

Twoja historia wyników

Nie rozwiązałeś tego quizu